| Tag |
First Indicator |
Second Indicator |
Subfields |
| LEADER |
00000cam a2200000 4500 |
| 001 |
in00000045684 |
| 005 |
20151007075216.0 |
| 008 |
751222s1942 mauad b 00010 eng |
| 010 |
|
|
|a a 42002491
|
| 035 |
|
|
|a (OCoLC)01900579
|
| 035 |
|
|
|9 AAF2824AM
|
| 040 |
|
|
|a DLC
|c FQG
|d TXA
|d UtOrBLW
|
| 049 |
|
|
|a TXAM
|c [215322]
|
| 050 |
|
0 |
|a QC981
|b .C7
|
| 082 |
0 |
|
|a 551.5
|
| 092 |
|
|
|a 551.5
|b C754f
|
| 100 |
1 |
|
|a Conrad, Victor,
|d 1876-
|
| 245 |
1 |
0 |
|a Fundamentals of physical climatology /
|c by V. Conrad ...
|
| 264 |
|
1 |
|a Milton, Mass. :
|b Harvard university, Blue Hill meteorological observatory,
|c 1942.
|
| 300 |
|
|
|a vii, 121 pages including illustrations (including charts) tables, diagrams ;
|c 24 cm.
|
| 336 |
|
|
|a text
|b txt
|2 rdacontent
|
| 337 |
|
|
|a unmediated
|b n
|2 rdamedia
|
| 338 |
|
|
|a volume
|b nc
|2 rdacarrier
|
| 500 |
|
|
|a "Eight lectures ... in honor of the late Professor Robert DeCourey Ward."--p. iii.
|
| 500 |
|
|
|a "References": page 116.
|
| 650 |
|
0 |
|a Climatology.
|
| 710 |
2 |
|
|a Blue Hill Meteorological Observatory.
|
| 999 |
|
|
|a MARS
|
| 999 |
f |
f |
|s 9799d2c5-2f6a-34c7-88f2-c9def00305da
|i 42012d98-fc81-3a05-9256-6add823a4151
|t 0
|
| 952 |
f |
f |
|p ric
|a Texas A&M University
|b Rellis Campus
|c Joint Library Facility
|d Remote Storage
|t 0
|e QC981 .C7
|h Library of Congress classification
|i unmediated -- volume
|m A14800953323
|
| 998 |
f |
f |
|a QC981 .C7
|t 0
|l Remote Storage
|